Ligue 1: 25+ Assists (2000-) - Statistics

General Stats
  • This quiz has been taken 9 times
  • The average score is 34 of 99
Answer Stats
Ranking Player Positions Nationality Matches Goals (assists) Periods Clubs % Correct
4 Kylian Mbappé MF, FW 246 191 (64) 2015-2024
100%
65 Lionel Messi MF, FW 58 22 (30) 2021-2023
100%
3 Ángel Di María MF, FW 197 56 (72) 2015-2022
86%
1 Dimitri Payet MF, FW 492 103 (115) 2005-2014, 2016-2023
86%
13 Neymar MF, FW 112 82 (48) 2017-2023
86%
61 Alexandre Lacazette FW 297 161 (30) 2009-2016, 2022-2025
71%
21 Florian Thauvin MF, FW 259 86 (44) 2012-2021
71%
74 Hatem Ben Arfa MF, FW 241 42 (28) 2004-2010, 2015-2016, 2018-2019, 2020-2022
71%
22 Javier Pastore MF, FW 186 29 (44) 2011-2018
71%
66 Lucas Moura MF, FW 153 34 (30) 2012-2018
71%
36 Marco Verratti MF 276 7 (37) 2012-2023
71%
67 Nabil Fekir MF, FW 145 54 (30) 2013-2019
71%
28 Wissam Ben Yedder MF, FW 320 161 (42) 2010-2015, 2019-2024
71%
41 Zlatan Ibrahimović FW 122 113 (37) 2012-2016
71%
51 Aleksandr Golovin MF, FW 181 31 (33) 2018-2025
57%
69 Bafétimbi Gomis FW 340 121 (29) 2004-2013, 2016-2017
57%
86 Bradley Barcola MF, FW 99 23 (26) 2021-2025
57%
53 Caio Henrique Oliveira Silva DF 136 3 (32) 2020-2025
57%
57 Eden Hazard MF, FW 147 36 (31) 2007-2012
57%
58 Florent Malouda MF, FW 258 43 (31) 2000-2006, 2014-2015
57%
2 Jérôme Rothen MF 294 22 (77) 2000-2008, 2012-2013
57%
87 João Moutinho MF 158 9 (26) 2013-2018
57%
72 Mamadou Niang FW 258 101 (29) 2000-2011
57%
10 Mathieu Valbuena MF, FW 298 36 (50) 2006-2013, 2015-2017
57%
25 Memphis MF, FW 139 63 (43) 2016-2021
57%
38 Nenê MF, FW 142 55 (37) 2007-2013
57%
99 Pierre-Emerick Aubameyang MF, FW 154 58 (25) 2009-2012, 2023-2024
57%
24 Yoann Gourcuff MF 282 45 (44) 2003-2005, 2008-2019
57%
84 Yohan Cabaye MF 245 32 (27) 2004-2010, 2013-2014, 2019-2020
57%
7 Jimmy Briand MF, FW 483 102 (61) 2002-2013, 2015-2022
43%
5 Juninho Pernambucano MF 248 74 (62) 2001-2009
43%
34 Kim Källström MF 282 37 (38) 2003-2012
43%
32 Ludovic Giuly MF, FW 224 50 (39) 2000-2003, 2008-2010, 2012-2013
43%
23 Marvin Martin MF 228 8 (44) 2008-2016, 2018-2019
43%
81 Rayan Cherki MF, FW 146 14 (27) 2019-2025
43%
26 Téji Savanier MF 200 48 (43) 2018-2025
43%
78 Amine Gouiri MF, FW 180 57 (27) 2017-2018, 2019-2025
29%
19 Benoît Pedretti MF 406 30 (44) 2001-2013, 2016-2017
29%
62 Christophe Jallet DF 349 15 (30) 2006-2020
29%
71 Clément Grenier MF, FW 198 26 (29) 2009-2021
29%
30 Florent Balmont MF 512 13 (39) 2002-2020
29%
31 Gaëtan Laborde MF, FW 297 88 (39) 2015-2025
29%
35 Jaroslav Plašil MF 410 20 (37) 2001-2007, 2009-2019
29%
64 Jérémy Ménez MF, FW 215 38 (30) 2004-2008, 2011-2013, 2016-2017
29%
33 Jonathan Clauss DF, MF 159 16 (38) 2020-2025
29%
49 Ludovic Obraniak MF 290 36 (34) 2003-2014
29%
14 Rémy Cabella MF, FW 330 60 (46) 2010-2013, 2015-2018, 2021-2025
29%
39 Romain Del Castillo MF, FW 186 22 (37) 2015-2016, 2018-2025
29%
8 Ryad Boudebouz MF, FW 369 49 (61) 2008-2016, 2019-2022
29%
82 Souleymane Camara FW 423 62 (27) 2001-2006, 2009-2020
29%
93 Thomas Lemar MF, FW 115 17 (26) 2014-2018
29%
55 Vikash Dhorasoo MF 160 10 (32) 2000-2003, 2005-2007
29%
47 Wahbi Khazri MF, FW 319 75 (35) 2012-2015, 2017-2025
29%
16 Adrien Thomasson DF, MF, FW 347 46 (45) 2011-2012, 2014-2025
14%
52 Andy Delort FW 268 85 (32) 2011-2012, 2015-2022, 2024-2025
14%
42 Anthony Mounier MF, FW 210 29 (36) 2007-2016
14%
11 Benjamin Bourigeaud MF, FW 261 54 (48) 2014-2015, 2017-2025
14%
56 Benjamin Nivet MF 325 47 (31) 2001-2002, 2005-2008, 2010-2012, 2015-2016, 2017-2018
14%
18 Benoît Cheyrou MF 405 30 (44) 2000-2014
14%
48 Camel Meriem MF 314 26 (34) 2001-2008, 2010-2013
14%
70 Cédric Barbosa MF 277 35 (29) 2001-2007, 2011-2015
14%
94 Christophe Landrin MF 272 18 (25) 2000-2011
14%
63 Daniel Moreira FW 274 57 (30) 2000-2010
14%
95 Djibril Sidibé DF, MF 253 11 (25) 2012-2018, 2020-2021, 2024-2025
14%
20 Éric Carrière MF 238 22 (44) 2000-2008
14%
29 Étienne Didot MF 460 18 (39) 2001-2019
14%
73 Frédéric Da Rocha MF 279 19 (28) 2000-2006, 2008-2010
14%
27 Gaël Danic MF 339 42 (42) 2000-2002, 2005-2006, 2008-2017
14%
79 Jean Makoun MF 300 20 (27) 2002-2010, 2012-2015
14%
17 Jérôme Leroy MF 334 41 (45) 2000-2012
14%
96 John Utaka MF, FW 238 59 (25) 2002-2006, 2010-2013
14%
44 Jonathan Bamba MF, FW 225 38 (35) 2014-2023
14%
12 Julien Féret MF 339 45 (48) 2008-2018
14%
88 Kanga Akalé MF, FW 216 26 (26) 2002-2007, 2009-2011
14%
89 Karl Toko Ekambi MF, FW 177 59 (26) 2016-2017, 2019-2023
14%
97 Laurent Batlles MF 385 38 (25) 2000-2012
14%
45 Ludovic Blas MF, FW 293 48 (35) 2015-2025
14%
46 Marama Vahirua MF, FW 307 70 (35) 2000-2011
14%
90 Mathieu Bodmer DF, MF 418 41 (26) 2003-2020
14%
91 Mathieu Dossevi MF, FW 244 21 (26) 2008-2013, 2017-2020
14%
75 Morgan Sanson MF 273 41 (28) 2013-2020, 2022-2025
14%
37 Moses Simon MF, FW 177 33 (37) 2019-2025
14%
50 Nicolas de Préville MF, FW 273 50 (34) 2012-2022
14%
59 Nicolas Maurice-Belay MF, FW 314 14 (31) 2005-2016
14%
6 Olivier Monterrubio MF 275 60 (62) 2000-2007, 2009-2011
14%
92 Olivier Quint MF 150 16 (26) 2000-2006
14%
80 Philippe Brunel MF 177 17 (27) 2000-2007
14%
54 Pierre-Alain Frau MF, FW 317 83 (32) 2001-2011, 2013-2014
14%
98 Pierre Lees-Melou MF, FW 232 34 (25) 2016-2020, 2022-2025
14%
43 Renaud Cohade MF 334 20 (36) 2004-2005, 2007-2008, 2009-2017, 2019-2020
14%
15 Romain Hamouma MF, FW 347 63 (46) 2010-2023
14%
76 Sébastien Roudet MF 255 25 (28) 2004-2007, 2009-2014
14%
40 Sidney Govou MF, FW 324 50 (37) 2000-2009, 2011-2013
14%
60 Thomas Mangani MF 348 27 (31) 2008-2012, 2015-2023
14%
83 Valère Germain MF, FW 313 61 (27) 2010-2011, 2013-2023
14%
77 Wendel Geraldo MF 156 34 (28) 2006-2011
14%
68 Yann Jouffre MF 232 22 (30) 2003-2004, 2007-2018
14%
9 Yann Lachuer MF 225 23 (52) 2000-2007
14%
85 Yohan Mollo DF, FW 173 21 (27) 2008-2016
14%
No matching quizzes found
Score Distribution
Percent of People with Each Score
Percentile by Number Answered
Your Score History
You have not taken this quiz